[Event "2nd American Continental"]
[Site "Buenos Aires ARG"]
[Date "2003.08.27"]
[Round "9"]
[White "Campitelli, Guillermo"]
[Black "Leeuw, Pablo Gabriel"]
[Result "1-0"]
[WhiteElo "2190"]
[BlackElo "2110"]
[EventDate "2003.08.17"]
[PlyCount "139"]

1.d4 e6 2.Nf3 f5 3.Bf4 Nf6 4.e3 Be7 5.h3 d5 6.Ne5 Nbd7 7.g4 Nxe5 8.Bxe5 
Bd6 9.gxf5 exf5 10.Nc3 c6 11.Bxd6 Qxd6 12.Qe2 Bd7 13.O-O-O O-O-O 14.Rg1 g6
15.Rd3 Rde8 16.Na4 Ne4 17.Qe1 Qc7 18.Rb3 f4 19.f3 Nd6 20.Nc5 Rxe3 21.Rxe3 
fxe3 22.Qxe3 Re8 23.Qd2 Bf5 24.b3 Qe7 25.Nd3 Nb5 26.Nf4 Qe1+ 27.Qxe1 Rxe1+
28.Kd2 Ra1 29.c4 dxc4 30.bxc4 Nxd4 31.Ke3 c5 32.h4 Rxa2 33.Rg3 Ra3+ 34.Kf2
Ne6 35.Nd5 Bd3 36.Bh3 Bf5 37.Ne7+ Kd7 38.Nxf5 gxf5 39.Bxf5 Ke7 40.Bxh7 
Ra2+ 41.Kg1 a5 42.h5 a4 43.h6 Ra1+ 44.Kh2 a3 45.Rg7+ Kf6 46.Rxb7 a2 47.Ra7
Kg5 48.Bg8 Nf4 49.h7 Ng6 50.Bd5 Nh8 51.Be4 Kh6 52.Kg2 Kg5 53.Bc2 Kh6 54.
Bb3 Rb1 55.Bxa2 Rb2+ 56.Kg3 Ng6 57.Kg4 Rg2+ 58.Kf5 Rg5+ 59.Kf6 Rg3 60.f4 
Rd3 61.Bb1 Rd6+ 62.Kf5 Rd4 63.Kf6 Rd6+ 64.Kf7 Kxh7 65.Bxg6+ Rxg6 66.Ra1 
Rh6 67.Rg1 Rh4 68.f5 Kh6 69.f6 Rxc4 70.Kg8 1-0

[Event "2nd American Continental"]
[Site "Buenos Aires ARG"]
[Date "2003.08.27"]
[Round "9"]
[White "Castaneda, Carlos"]
[Black "Frey Perez, Hugo"]
[Result "0-1"]
[WhiteElo "2148"]
[BlackElo "2342"]
[EventDate "2003.08.17"]
[PlyCount "132"]

1.d4 d5 2.Nf3 c6 3.e3 Nf6 4.Bd3 Bg4 5.Nbd2 Nbd7 6.c4 e6 7.O-O Bd6 8.e4 
dxe4 9.Nxe4 Nxe4 10.Bxe4 O-O 11.h3 Bh5 12.Re1 f5 13.Bd3 e5 14.Be2 e4 15.
Ng5 Bxe2 16.Qxe2 Qf6 17.c5 Bb8 18.Qc4+ Kh8 19.Qe6 Qxe6 20.Nxe6 Re8 21.Nf4 
Nf6 22.Bd2 Bc7 23.Ne2 Rad8 24.Rac1 Nd5 25.g3 Rd7 26.a3 g6 27.Kg2 Kg7 28.
Be3 h6 29.h4 Rdd8 30.b4 Rh8 31.Rh1 Kf6 32.Nf4 Bxf4 33.gxf4 a6 34.Kg3 Ke6 
35.Rc2 Nf6 36.a4 Kd5 37.b5 axb5 38.axb5 Ra8 39.bxc6 bxc6 40.Rb2 Ra3 41.Rb7
Rh7 42.Rxh7 Nxh7 43.h5 g5 44.Rb1 Nf6 45.Kg2 gxf4 46.Bxf4 Nxh5 47.Be5 Rf3 
48.Rh1 Nf4+ 49.Bxf4 Rxf4 50.Rxh6 Kxd4 51.Rxc6 Rf3 52.Rc8 Ke5 53.Re8+ Kf4 
54.c6 Rc3 55.Rc8 Rc2 56.Kg1 Kf3 57.c7 Rc1+ 58.Kh2 f4 59.Ra8 Rxc7 60.Ra2 
Rg7 61.Kh1 Rg4 62.Rb2 e3 63.fxe3 fxe3 64.Rb8 e2 65.Rf8+ Ke3 66.Re8+ Re4 
0-1

[Event "2nd American Continental"]
[Site "Buenos Aires ARG"]
[Date "2003.08.27"]
[Round "9"]
[White "Cerda Albornoz, Guillermo"]
[Black "Llanos, Guillermo"]
[Result "1/2-1/2"]
[WhiteElo "2224"]
[BlackElo "2398"]
[EventDate "2003.08.17"]
[PlyCount "107"]

1.d4 Nf6 2.c4 g6 3.Nc3 Bg7 4.e4 d6 5.f4 O-O 6.Nf3 c5 7.d5 e6 8.Be2 exd5 9.
cxd5 Bg4 10.O-O Nbd7 11.Re1 Re8 12.h3 Bxf3 13.Bxf3 a6 14.a4 c4 15.Be3 Qa5 
16.Kh1 Re7 17.Re2 Rae8 18.Qe1 h6 19.Bd4 Nh7 20.Bxg7 Kxg7 21.Qg3 b5 22.e5 
dxe5 23.f5 e4 24.fxg6 fxg6 25.Nxe4 Ndf6 26.Rae1 Nxe4 27.Rxe4 Rxe4 28.Rxe4 
Rxe4 29.Bxe4 Ng5 30.h4 Nxe4 31.Qe5+ Kf7 32.Qe6+ Kf8 33.Qxe4 Qxa4 34.Qf4+ 
Kg8 35.Qb8+ Kf7 36.Qc7+ Kf6 37.Qd6+ Kf5 38.Qe6+ Kf4 39.Kh2 Qb4 40.d6 Qxb2 
41.d7 Qd4 42.Qe7 c3 43.d8=Q Qxd8 44.Qxd8 Ke3 45.Qd1 b4 46.h5 gxh5 47.Kh3 
a5 48.Kh4 Kf2 49.Qc2+ Ke3 50.Kxh5 Kd4 51.Kxh6 Kc4 52.Qe4+ Kb3 53.Qd3 Kb2 
54.Qd5 1/2-1/2

[Event "2nd American Continental"]
[Site "Buenos Aires ARG"]
[Date "2003.08.27"]
[Round "9"]
[White "Cruz Condori, Alfredo"]
[Black "Manzone, Alessandro jr"]
[Result "1/2-1/2"]
[WhiteElo "2244"]
[BlackElo "2119"]
[EventDate "2003.08.17"]
[PlyCount "56"]

1.e4 c5 2.Nf3 e6 3.d4 cxd4 4.Nxd4 a6 5.c4 Nf6 6.Nc3 Bb4 7.f3 Nc6 8.Nxc6 
dxc6 9.Qxd8+ Kxd8 10.Bd2 e5 11.a3 Be7 12.O-O-O Kc7 13.Be3 b5 14.Be2 Be6 
15.Kc2 Nd7 16.Nd5+ cxd5 17.cxd5 Nf8 18.dxe6 Nxe6 19.Rd5 f6 20.a4 bxa4 21.
Ra1 a5 22.Bb5 Rhd8 23.Rad1 Rxd5 24.Rxd5 Rd8 25.Rxd8 Bxd8 26.Bxa4 Be7 27.
Bb3 Bc5 28.Bxe6 Bxe3 1/2-1/2

[Event "2nd American Continental"]
[Site "Buenos Aires ARG"]
[Date "2003.08.27"]
[Round "9"]
[White "Daneri, Martin"]
[Black "Estay Torreblanca, Oscar"]
[Result "1-0"]
[WhiteElo "2175"]
[BlackElo "2231"]
[EventDate "2003.08.17"]
[PlyCount "57"]

1.e4 e5 2.Nc3 Nf6 3.g3 Bc5 4.Bg2 O-O 5.Nge2 c6 6.O-O d5 7.exd5 cxd5 8.d4 
exd4 9.Nxd4 Bg4 10.Qd3 Nc6 11.Be3 Bb6 12.Na4 Bc7 13.Nxc6 bxc6 14.Bd4 Re8 
15.Rfe1 Qd6 16.Nc5 Nd7 17.Qc3 Nxc5 18.Bxc5 Qd7 19.Rxe8+ Rxe8 20.Bxa7 Bf5 
21.Bd4 f6 22.a4 Re2 23.a5 Rxc2 24.Qe3 Bd6 25.a6 Qc8 26.Qb3 Qa8 27.a7 Rd2 
28.Be3 Rd3 29.Qb6 1-0

[Event "2nd American Continental"]
[Site "Buenos Aires ARG"]
[Date "2003.08.27"]
[Round "9"]
[White "De Dovitiis, Alejo"]
[Black "Leon Hoyos, Manuel"]
[Result "1-0"]
[WhiteElo "2401"]
[BlackElo "2281"]
[EventDate "2003.08.17"]
[PlyCount "93"]

1.e4 c5 2.Nf3 g6 3.d4 Bg7 4.d5 Nf6 5.Nc3 O-O 6.Be2 b5 7.e5 Ng4 8.Nxb5 Nxe5
9.Nxe5 Bxe5 10.O-O d6 11.c3 Nd7 12.Bh6 Re8 13.a4 Bh8 14.Na3 Rb8 15.Qd2 Nf6
16.Bb5 Bd7 17.Nc4 Bxb5 18.axb5 Qd7 19.Na3 Qf5 20.Rad1 e6 21.dxe6 Rxe6 22.
Qf4 Qxf4 23.Bxf4 Rd8 24.Be3 Ne4 25.Rd3 Rde8 26.Nc4 Bf6 27.Ra1 R8e7 28.Ra6 
Bg5 29.g3 Bxe3 30.Nxe3 c4 31.Rd4 Rb7 32.Ra5 Nc5 33.Rxc4 Nb3 34.Ra3 Nc5 35.
b4 Ne4 36.Rc8+ Kg7 37.c4 Rf6 38.Nd5 Re6 39.Rc7 Rxc7 40.Nxc7 Re5 41.Rxa7 g5
42.h3 h5 43.b6 Nd2 44.Ra1 Nf3+ 45.Kg2 Nd4 46.b5 Nb3 47.b7 1-0

[Event "2nd American Continental"]
[Site "Buenos Aires ARG"]
[Date "2003.08.27"]
[Round "9"]
[White "Delgado, Alberto"]
[Black "Bendana Guerrero, Guy"]
[Result "1-0"]
[WhiteElo "2310"]
[BlackElo "2186"]
[EventDate "2003.08.17"]
[PlyCount "63"]

1.d4 Nf6 2.Nc3 d5 3.Bg5 e6 4.e4 dxe4 5.Nxe4 Be7 6.Bxf6 Bxf6 7.Nf3 O-O 8.
Qd2 b6 9.O-O-O Bb7 10.Bd3 Be7 11.h4 Nd7 12.Qf4 Nf6 13.Nxf6+ Bxf6 14.Ng5 g6
15.c3 a6 16.Rh3 Be7 17.Kb1 Bxg2 18.Re3 Bb7 19.Rg1 Bd6 20.Qg4 Qf6 21.h5 Qf4
22.hxg6 hxg6 23.Nxf7 Qxg4 24.Nh6+ Kg7 25.Nxg4 Rae8 26.Ne5 Rxf2 27.Bxg6 Rb8
28.Be4+ Kf8 29.Nd7+ Ke7 30.Nxb8 Bxe4+ 31.Rxe4 a5 32.Rge1 1-0

[Event "2nd American Continental"]
[Site "Buenos Aires ARG"]
[Date "2003.08.27"]
[Round "9"]
[White "Di Diego, Osvaldo"]
[Black "Iregui, Victor"]
[Result "1/2-1/2"]
[WhiteElo "2061"]
[BlackElo "2151"]
[EventDate "2003.08.17"]
[PlyCount "101"]

1.Nf3 f5 2.g3 Nf6 3.Bg2 g6 4.c4 Bg7 5.O-O O-O 6.d4 d6 7.Nc3 Nc6 8.Qc2 e5 
9.dxe5 dxe5 10.Rd1 Bd7 11.e4 f4 12.gxf4 Nh5 13.Bh3 Nd4 14.Nxd4 exd4 15.
Bxd7 Qxd7 16.Ne2 Qg4+ 17.Kh1 Qf3+ 18.Kg1 Rae8 19.Ng3 Nxg3 20.hxg3 Rxe4 21.
Qb3 Qxb3 22.axb3 a6 23.Bd2 Rfe8 24.Kf1 Kf7 25.Re1 c5 26.f3 Rxe1+ 27.Rxe1 
Rxe1+ 28.Kxe1 b5 29.Ke2 bxc4 30.bxc4 d3+ 31.Kxd3 Bxb2 32.Kc2 Bf6 33.Kd3 h5
34.Be1 Ke6 35.Ke4 Bd8 36.Bf2 Bb6 37.g4 a5 38.f5+ gxf5+ 39.gxf5+ Kf7 40.Bh4
a4 41.Kd3 Ba5 42.Kc2 Bb4 43.Kb2 Kg7 44.Bg5 Kf7 45.Bh4 Ke8 46.Bg5 Kf7 47.
Bh4 a3+ 48.Kb3 a2 49.Kxa2 Bc3 50.Bf2 Bd4 51.Bxd4 1/2-1/2

[Event "2nd American Continental"]
[Site "Buenos Aires ARG"]
[Date "2003.08.27"]
[Round "9"]
[White "Dolezal, Cristian"]
[Black "Fiorito, Fabian"]
[Result "1-0"]
[WhiteElo "2410"]
[BlackElo "2422"]
[EventDate "2003.08.17"]
[PlyCount "97"]

1.c4 g6 2.Nc3 Bg7 3.d4 Nf6 4.e4 d6 5.f3 O-O 6.Nge2 a6 7.Be3 c6 8.a4 a5 9.
Nc1 Nbd7 10.Be2 e5 11.d5 cxd5 12.cxd5 b6 13.O-O Nc5 14.Nd3 Nh5 15.b4 Nxd3 
16.Bxd3 Nf4 17.bxa5 bxa5 18.Nb5 f5 19.Rc1 Rf7 20.Kh1 Nxd3 21.Qxd3 Bf8 22.
Rc6 Bd7 23.Rb6 Rb8 24.Rxb8 Qxb8 25.Rb1 Qd8 26.Nc3 fxe4 27.fxe4 Be7 28.Bb6 
Qa8 29.h3 Rf8 30.Nb5 Qa6 31.Be3 Kg7 32.Qd2 Rb8 33.Bh6+ Kg8 34.Qf2 Bxb5 35.
axb5 Qc8 36.Qa7 Qd8 37.b6 g5 38.Qxa5 Kf7 39.h4 gxh4 40.Rf1+ Kg6 41.Be3 Qc8
42.Qa7 Qe8 43.Qa6 Qd7 44.Rf5 h6 45.Qe2 Bg5 46.Qg4 Qe7 47.Rf1 Kg7 48.Rc1 
Rb7 49.Qc8 1-0

[Event "2nd American Continental"]
[Site "Buenos Aires ARG"]
[Date "2003.08.27"]
[Round "9"]
[White "Echeguren, Gustavo"]
[Black "Sosa Harrison, Jorge"]
[Result "1/2-1/2"]
[WhiteElo "2091"]
[BlackElo "2294"]
[EventDate "2003.08.17"]
[PlyCount "36"]

1.d4 Nf6 2.c4 c5 3.d5 b5 4.cxb5 a6 5.bxa6 Bxa6 6.Nc3 g6 7.Nf3 d6 8.g3 Bg7 
9.Bg2 Nbd7 10.O-O O-O 11.Qc2 Qa5 12.Rd1 Rfb8 13.Rb1 Ng4 14.Bg5 Kf8 15.Qe4 
Ndf6 16.Qc2 Nd7 17.Qe4 Ndf6 18.Qc2 Nd7 1/2-1/2

[Event "2nd American Continental"]
[Site "Buenos Aires ARG"]
[Date "2003.08.27"]
[Round "9"]
[White "Escobedo Tinajero, Alberto"]
[Black "Luconi, Cristian"]
[Result "0-1"]
[WhiteElo "2405"]
[BlackElo "2115"]
[EventDate "2003.08.17"]
[PlyCount "98"]

1.d4 d5 2.c4 Bf5 3.Nc3 e6 4.e3 c6 5.Bd3 Bg6 6.Nf3 Nd7 7.O-O Ngf6 8.b3 Bd6 
9.Bb2 Ne4 10.Qc2 f5 11.Ne2 Qf6 12.Nf4 Bf7 13.Be2 Ng5 14.Nxg5 Qxg5 15.Nd3 
Bh5 16.f4 Qh6 17.c5 Bc7 18.Bxh5+ Qxh5 19.b4 a6 20.a4 O-O 21.Ne5 Nf6 22.Qd3
Bxe5 23.dxe5 Ne4 24.Bd4 Qh4 25.Qe2 Kh8 26.Rab1 Rg8 27.b5 axb5 28.axb5 g5 
29.bxc6 bxc6 30.Rb6 Rg6 31.Qe1 Qh5 32.Rb2 Rag8 33.Qd1 Qh4 34.Qe1 Qh5 35.
Qd1 Qh6 36.Ra2 Qh4 37.Qe1 Qh6 38.Qa1 gxf4 39.Rxf4 Qh3 40.Qf1 Rh6 41.g4 Qh4
42.Rg2 Rhg6 43.Qa6 Qe1+ 44.Qf1 Qh4 45.Qa6 h5 46.Kf1 Rb8 47.Kg1 Rxg4 48.
Rgxg4 hxg4 49.Qa2 Qh3 0-1

[Event "2nd American Continental"]
[Site "Buenos Aires ARG"]
[Date "2003.08.27"]
[Round "9"]
[White "Estrada Nieto, Julian"]
[Black "Pierrot, Juan Facundo"]
[Result "1/2-1/2"]
[WhiteElo "2332"]
[BlackElo "2417"]
[EventDate "2003.08.17"]
[PlyCount "99"]

1.e4 c5 2.Nf3 e6 3.c3 Nf6 4.e5 Nd5 5.Bc4 Nb6 6.Bb3 d6 7.exd6 Bxd6 8.d4 Qc7
9.O-O O-O 10.dxc5 Bxc5 11.Qe2 Nc6 12.Qe4 Nd5 13.Bxd5 exd5 14.Qxd5 b6 15.
Nbd2 Bb7 16.Qh5 Rfe8 17.b4 Bf8 18.Bb2 Ne5 19.Nxe5 Rxe5 20.Qg4 Rae8 21.Qg3 
Qc8 22.f3 Ba6 23.Ne4 Rxe4 24.fxe4 Bxf1 25.Rxf1 Qc4 26.a3 Rxe4 27.Qb8 Re2 
28.Bc1 Qc6 29.Qg3 Rc2 30.c4 Qxc4 31.Qf4 Qxf4 32.Bxf4 Rc3 33.Rd1 g5 34.Bxg5
Rxa3 35.Rd8 Kg7 36.Bh6+ Kxh6 37.Rxf8 Kg6 38.Rg8+ Kf6 39.Rh8 Ra4 40.b5 Ra5 
41.Ra8 h5 42.Kf2 Ke6 43.Kf3 Kd6 44.h4 Ra4 45.g3 Ke5 46.Rh8 Ra3+ 47.Kg2 f5 
48.Rxh5 Rb3 49.Rh7 Rxb5 50.Rxa7 1/2-1/2

[Event "2nd American Continental"]
[Site "Buenos Aires ARG"]
[Date "2003.08.27"]
[Round "9"]
[White "Felgaer, Ruben"]
[Black "Shabalov, Alexander"]
[Result "1/2-1/2"]
[WhiteElo "2551"]
[BlackElo "2575"]
[EventDate "2003.08.17"]
[PlyCount "93"]

1.e4 c5 2.Nf3 Nc6 3.Bb5 e6 4.O-O Nge7 5.Re1 a6 6.Bf1 Ng6 7.d4 cxd4 8.Nxd4 
Qc7 9.c4 Bb4 10.Nc3 O-O 11.Nc2 Be7 12.Be3 b6 13.Rc1 Rb8 14.g3 Bb7 15.Qe2 
Ba8 16.Red1 Bf6 17.Nd4 Rfc8 18.Nb3 Nce5 19.Nd2 d6 20.f4 Nd7 21.Bg2 Ne7 22.
Ndb1 Nc6 23.Qd2 Na5 24.b3 Be7 25.Qf2 Qd8 26.Qe2 Qe8 27.Nd2 Nf6 28.b4 Nc6 
29.a3 Bf8 30.h3 a5 31.b5 Nd8 32.Na4 Nd7 33.Nb3 d5 34.cxd5 Rxc1 35.Bxc1 
exd5 36.e5 Nc5 37.Naxc5 bxc5 38.a4 Qe6 39.Kh2 Rc8 40.Nxa5 c4 41.Nc6 Nxc6 
42.Bxd5 Qe8 43.bxc6 Bxc6 44.Qxc4 Bxd5 45.Qxd5 Rc2+ 46.Bd2 Qxa4 47.Rc1 
1/2-1/2

[Event "2nd American Continental"]
[Site "Buenos Aires ARG"]
[Date "2003.08.27"]
[Round "9"]
[White "Garcia Palermo, Carlos"]
[Black "Bronstein, Luis Marcos"]
[Result "1-0"]
[WhiteElo "2443"]
[BlackElo "2325"]
[EventDate "2003.08.17"]
[PlyCount "99"]

1.d4 Nf6 2.c4 e6 3.Nc3 Bb4 4.Qc2 Nc6 5.Nf3 d6 6.Bd2 O-O 7.a3 Bxc3 8.Bxc3 
Qe7 9.e3 a5 10.Be2 a4 11.O-O Bd7 12.Nd2 e5 13.d5 Na5 14.Rae1 Rfe8 15.e4 
Nb3 16.Nxb3 axb3 17.Qd3 b5 18.cxb5 Reb8 19.f4 Bxb5 20.Qf3 Bxe2 21.Rxe2 
exf4 22.e5 dxe5 23.Rxe5 Qc5+ 24.Kh1 Re8 25.Rg5 Ra6 26.Qxf4 Qe3 27.Rxg7+ 
Kxg7 28.Bxf6+ Kf8 29.Qb4+ Rd6 30.h3 Qe4 31.Qc3 Rxd5 32.Qxc7 Qg6 33.Bc3 
Red8 34.Rf4 f5 35.Rf3 R8d7 36.Qb8+ Rd8 37.Qb4+ Kf7 38.Qxb3 Qe6 39.Rf1 Qe4 
40.Re1 Qd3 41.Qb7+ R5d7 42.Qb6 Rd6 43.Qa7+ R8d7 44.Qf2 Re6 45.Rf1 Kg6 46.
Qf4 Rf7 47.Rf3 Qd1+ 48.Kh2 h5 49.Rg3+ Kh7 50.Qg5 1-0

[Event "2nd American Continental"]
[Site "Buenos Aires ARG"]
[Date "2003.08.27"]
[Round "9"]
[White "Giampa, Alejandro"]
[Black "Walsh, Hector"]
[Result "1-0"]
[WhiteElo "2271"]
[BlackElo "2156"]
[EventDate "2003.08.17"]
[PlyCount "63"]

1.Nf3 f5 2.c4 Nf6 3.g3 d6 4.Nc3 g6 5.Bg2 Bg7 6.O-O O-O 7.b4 e5 8.Rb1 Nc6 
9.d3 h6 10.Nd2 g5 11.Nd5 Rb8 12.b5 Ne7 13.Bb2 Be6 14.Nxe7+ Qxe7 15.d4 exd4
16.Bxd4 Qf7 17.Qc2 Qh5 18.Bxf6 Bxf6 19.Qd3 f4 20.Bd5 Bxd5 21.cxd5 Rbe8 22.
Rfe1 Be5 23.Nf1 Re7 24.Kg2 fxg3 25.hxg3 g4 26.f4 Ref7 27.e3 Qh3+ 28.Kg1 
Bxf4 29.exf4 Rxf4 30.Qg6+ Kh8 31.gxf4 g3 32.Re7 1-0

[Event "2nd American Continental"]
[Site "Buenos Aires ARG"]
[Date "2003.08.27"]
[Round "9"]
[White "Giardelli, Sergio Carlos"]
[Black "Kudrin, Sergey"]
[Result "0-1"]
[WhiteElo "2437"]
[BlackElo "2538"]
[EventDate "2003.08.17"]
[PlyCount "40"]

1.c4 g6 2.g3 Bg7 3.Bg2 c5 4.Nc3 Nc6 5.a3 d6 6.Rb1 a5 7.Nf3 e5 8.O-O Nge7 
9.Ne1 Be6 10.d3 O-O 11.Nd5 Rb8 12.Nxe7+ Qxe7 13.Nc2 Qd7 14.b4 axb4 15.axb4
b5 16.Na3 cxb4 17.Nxb5 d5 18.Be3 Rfe8 19.Bc5 Bf8 20.Bxf8 Rxf8 0-1

[Event "2nd American Continental"]
[Site "Buenos Aires ARG"]
[Date "2003.08.27"]
[Round "9"]
[White "Gonzalez Garcia, Jose"]
[Black "Scarella, Enrique Alejandro"]
[Result "1-0"]
[WhiteElo "2429"]
[BlackElo "2374"]
[EventDate "2003.08.17"]
[PlyCount "67"]

1.d4 d5 2.c4 dxc4 3.Nf3 Nf6 4.e3 Bg4 5.Bxc4 e6 6.Qb3 Bxf3 7.gxf3 Nbd7 8.
Nc3 Nb6 9.Be2 Be7 10.Bd2 O-O 11.Ne4 a5 12.a3 a4 13.Qc2 c6 14.O-O Qd5 15.
Kh1 Nfd7 16.Rg1 c5 17.dxc5 Nxc5 18.Bb4 Nxe4 19.fxe4 Qd8 20.Rad1 Qe8 21.Qc7
Bxb4 22.Rxg7+ Kh8 23.Qe5 f6 24.Qc7 Be7 25.Rxe7 Qg6 26.Qxb6 Rg8 27.Bf3 Ra6 
28.Qc7 e5 29.Qxb7 Raa8 30.Qd7 Rab8 31.Qf5 Qxf5 32.exf5 Rxb2 33.Bd5 Rd8 34.
Kg2 1-0

[Event "2nd American Continental"]
[Site "Buenos Aires ARG"]
[Date "2003.08.27"]
[Round "9"]
[White "Gulko, Boris"]
[Black "Vasquez Schroder, Rodrigo"]
[Result "1/2-1/2"]
[WhiteElo "2583"]
[BlackElo "2514"]
[EventDate "2003.08.17"]
[PlyCount "54"]

1.c4 Nf6 2.d4 c6 3.Bf4 d6 4.Nc3 Bf5 5.Nf3 Nbd7 6.e3 Qb6 7.Qd2 Ne4 8.Nxe4 
Bxe4 9.Be2 a5 10.O-O e6 11.a3 a4 12.Qb4 d5 13.c5 Qa7 14.Rfc1 Be7 15.Qc3 
O-O 16.b4 axb3 17.Qxb3 Rfc8 18.a4 Bd8 19.Ne5 Nxe5 20.Bxe5 Ba5 21.f3 Bg6 
22.Ra2 Rd8 23.Kf2 Rd7 24.h4 f6 25.Bd6 Re8 26.Bd3 Bxd3 27.Qxd3 Bc7 1/2-1/2

[Event "2nd American Continental"]
[Site "Buenos Aires ARG"]
[Date "2003.08.27"]
[Round "9"]
[White "Hernandez Lagos, Hector"]
[Black "Martinez Garcia, Jose Joaquin"]
[Result "0-1"]
[WhiteElo "2200"]
[BlackElo "2172"]
[EventDate "2003.08.17"]
[PlyCount "80"]

1.c4 e5 2.Nc3 f5 3.d3 Nc6 4.g3 Bc5 5.e3 Nf6 6.Bg2 O-O 7.Nge2 Qe8 8.O-O d6 
9.Nd5 Nxd5 10.Bxd5+ Kh8 11.a3 a5 12.Bg2 Rf6 13.d4 Bb6 14.dxe5 dxe5 15.Nc3 
Be6 16.Nd5 Bxd5 17.cxd5 Ne7 18.e4 h6 19.Be3 f4 20.Bxb6 Rxb6 21.Qc2 Qd7 22.
Qc3 Ng6 23.Rac1 Rc8 24.b3 Qg4 25.Rfd1 Rf8 26.Rd3 fxg3 27.hxg3 Rbf6 28.Rf1 
R8f7 29.Re3 b6 30.Qa1 h5 31.Qe1 h4 32.Qe2 Qg5 33.Rc3 hxg3 34.fxg3 Rxf1+ 
35.Qxf1 Rxf1+ 36.Bxf1 Nf4 37.Kf2 Nh5 38.Rd3 Nf6 39.Bg2 Qc1 40.Re3 Ng4+ 0-1

[Event "2nd American Continental"]
[Site "Buenos Aires ARG"]
[Date "2003.08.27"]
[Round "9"]
[White "Huertas Soris, Ramon"]
[Black "Mazziotti Irigoyen, Gabriel"]
[Result "1-0"]
[WhiteElo "2288"]
[BlackElo "2238"]
[EventDate "2003.08.17"]
[PlyCount "79"]

1.e4 e5 2.Nf3 Nc6 3.Bc4 Bc5 4.c3 Nf6 5.d4 exd4 6.e5 d5 7.Bb5 Ne4 8.cxd4 
Bb4+ 9.Nbd2 Bd7 10.O-O O-O 11.Bd3 Bf5 12.Qe2 Nxd2 13.Bxd2 Bxd3 14.Qxd3 Be7
15.Rad1 h6 16.Ne1 f5 17.f4 Qd7 18.Nc2 a5 19.Ne3 Nb4 20.Qb1 c5 21.Bc3 c4 
22.g4 g6 23.gxf5 gxf5 24.Bxb4 axb4 25.Rf2 Kh7 26.Rg2 Rf7 27.Kh1 Rg8 28.Qc2
Ra8 29.Rdg1 h5 30.Qd1 Kh8 31.Qxh5+ Rh7 32.Qg6 Qe8 33.Qxf5 Qf7 34.Qxf7 Rxf7
35.Nxd5 Rd8 36.Nxe7 Rxe7 37.f5 Rxd4 38.f6 Rxe5 39.Rg8+ Kh7 40.R1g7+ 1-0

[Event "2nd American Continental"]
[Site "Buenos Aires ARG"]
[Date "2003.08.27"]
[Round "9"]
[White "Jorge, Cristian"]
[Black "Lemos, Damian"]
[Result "0-1"]
[WhiteElo "2148"]
[BlackElo "2206"]
[EventDate "2003.08.17"]
[PlyCount "89"]

1.d4 Nf6 2.Nc3 d5 3.Bg5 c6 4.Qd3 g6 5.f3 Qa5 6.h4 b5 7.Qd2 Nbd7 8.e3 Nh5 
9.g4 Ng3 10.Rh3 Nxf1 11.Kxf1 h6 12.Bf4 Bg7 13.Nge2 Nb6 14.Rh1 Nc4 15.Qc1 
e5 16.b3 exf4 17.bxc4 bxc4 18.Qd2 fxe3 19.Qxe3+ Be6 20.Nf4 O-O 21.Kg2 Rae8
22.Qd2 c5 23.Nfe2 cxd4 24.Nxd4 Qc5 25.Rhd1 Qe7 26.Rh1 Qf6 27.Rad1 Qe7 28.
a4 Qd8 29.Rb1 Qc7 30.Rhe1 Re7 31.Rb5 Rd8 32.a5 Qd7 33.a6 Qd6 34.Ra5 Rde8 
35.Ra2 Qd7 36.Qd1 Bxg4 37.Rxe7 Bh3+ 38.Kh2 Rxe7 39.f4 Bg4 40.Qd2 Qd6 41.
Kg3 Bc8 42.Ra5 Qd7 43.f5 Qc7+ 44.Qf4 Qxa5 45.f6 0-1

[Event "2nd American Continental"]
[Site "Buenos Aires ARG"]
[Date "2003.08.27"]
[Round "9"]
[White "Julia, Ernesto"]
[Black "Rodi, Luis Ernesto"]
[Result "0-1"]
[WhiteElo "2387"]
[BlackElo "2221"]
[EventDate "2003.08.17"]
[PlyCount "76"]

1.d4 f5 2.g3 Nf6 3.Bg2 g6 4.Nf3 Bg7 5.O-O O-O 6.c4 d6 7.Nc3 Nc6 8.d5 Ne5 
9.Nxe5 dxe5 10.c5 h6 11.Qb3 Kh8 12.Rd1 a6 13.Bd2 Qe8 14.Be1 Rb8 15.d6 exd6
16.cxd6 Be6 17.Qa3 cxd6 18.Qxd6 e4 19.f3 Qf7 20.Qb6 exf3 21.exf3 Nd5 22.
Nxd5 Bxd5 23.Bc3 Bxc3 24.bxc3 Bc6 25.Rd6 Rbe8 26.f4 Bxg2 27.Kxg2 Re2+ 28.
Kh3 Kh7 29.Rb1 Rfe8 30.Qxb7 R8e7 31.Qxa6 Rxa2 32.Qc6 Ree2 33.Rh1 Rad2 34.
Rxd2 Rxd2 35.Qf3 g5 36.fxg5 hxg5 37.g4 fxg4+ 38.Kxg4 Rg2+ 0-1

[Event "2nd American Continental"]
[Site "Buenos Aires ARG"]
[Date "2003.08.27"]
[Round "9"]
[White "Liascovich, Lucas"]
[Black "Orsini, Antonio"]
[Result "1/2-1/2"]
[WhiteElo "2310"]
[BlackElo "2181"]
[EventDate "2003.08.17"]
[PlyCount "67"]

1.d4 Nf6 2.c4 c5 3.d5 e6 4.Nc3 exd5 5.cxd5 Bd6 6.g3 O-O 7.Bg2 Re8 8.Nh3 
Be5 9.O-O d6 10.Nf4 Na6 11.Nd3 Bxc3 12.bxc3 Nc7 13.c4 b5 14.Nxc5 bxc4 15.
Na4 Nb5 16.Bb2 Ne4 17.Qc2 Bf5 18.Qxc4 Nd2 19.Qxb5 Rb8 20.Qa6 Nxf1 21.Bc3 
Qc8 22.Qxd6 Bc2 23.Nc5 Rb5 24.Rxf1 Qxc5 25.Qxc5 Rxc5 26.Bd4 Rb5 27.Rc1 Rb1
28.Rxb1 Bxb1 29.d6 Rd8 30.Bxa7 Rxd6 31.a3 Rd2 32.Bf3 f5 33.Be3 Rd1+ 34.Kg2
1/2-1/2

[Event "2nd American Continental"]
[Site "Buenos Aires ARG"]
[Date "2003.08.27"]
[Round "9"]
[White "Lugo, Blas"]
[Black "Zapata, Alonso"]
[Result "1/2-1/2"]
[WhiteElo "2416"]
[BlackElo "2543"]
[EventDate "2003.08.17"]
[PlyCount "101"]

1.e4 c5 2.Nf3 e6 3.d4 cxd4 4.Nxd4 a6 5.Bd3 Nf6 6.O-O Qc7 7.Qe2 d6 8.c4 g6 
9.Nc3 Bg7 10.Rd1 O-O 11.Nf3 Nc6 12.h3 b6 13.Be3 Bb7 14.Rac1 Ne5 15.Nxe5 
dxe5 16.f3 Nd7 17.b4 Rfd8 18.a3 Bf8 19.Qf2 a5 20.Nb5 Qc6 21.c5 bxc5 22.
bxc5 a4 23.Nd6 Ba6 24.Bb1 Be7 25.f4 exf4 26.Qxf4 Rf8 27.e5 Qc7 28.Ba2 Qc6 
29.Bb1 Rab8 30.Be4 Qc7 31.c6 Nb6 32.Qg3 Nc8 33.Bh6 Rd8 34.Nxf7 Rxd1+ 35.
Rxd1 Kxf7 36.Qf4+ Ke8 37.Rd7 Qb6+ 38.Kh1 Qc5 39.Qg4 Kf7 40.Qf4+ Ke8 41.Bg5
Rb2 42.Bxe7 Nxe7 43.Qf6 Rf2 44.Bf3 Rf1+ 45.Kh2 Qg1+ 46.Kg3 Rxf3+ 47.Kxf3 
Qf1+ 48.Kg3 Nf5+ 49.Kh2 Qf4+ 50.Kg1 Qe3+ 51.Kh2 1/2-1/2

[Event "2nd American Continental"]
[Site "Buenos Aires ARG"]
[Date "2003.08.27"]
[Round "9"]
[White "Marcolino, Antonio Claudio"]
[Black "Lida Garcia, Fernando"]
[Result "1-0"]
[WhiteElo "2122"]
[BlackElo "2130"]
[EventDate "2003.08.17"]
[PlyCount "67"]

1.d4 f5 2.Nc3 Nf6 3.Bg5 g6 4.Nf3 c6 5.e3 Qb6 6.Qd2 Qxb2 7.Rb1 Qa3 8.Rb3 
Qa5 9.Bd3 d5 10.O-O Nbd7 11.Bf4 Qd8 12.Ne2 Bg7 13.c4 Ne4 14.Qc2 e6 15.h3 
O-O 16.Nd2 Nxd2 17.Qxd2 Qe7 18.f3 dxc4 19.Bxc4 Nb6 20.Bd3 Kh8 21.Bg3 Rd8 
22.Kh1 e5 23.Qc2 Nd5 24.Bf2 Nb4 25.Qd2 Nxd3 26.Rxd3 Be6 27.Re1 Bc4 28.Rc3 
b5 29.Qc2 Bd5 30.e4 fxe4 31.fxe4 Qf6 32.Rf3 Qe6 33.exd5 Rxd5 34.Nf4 1-0

[Event "2nd American Continental"]
[Site "Buenos Aires ARG"]
[Date "2003.08.27"]
[Round "9"]
[White "Markzon, Gregory"]
[Black "Aguilar, Mauricio"]
[Result "1-0"]
[WhiteElo "2267"]
[BlackElo "2133"]
[EventDate "2003.08.17"]
[PlyCount "57"]

1.e4 e5 2.Nf3 f5 3.Nxe5 Nc6 4.Nxc6 dxc6 5.Nc3 Bc5 6.Be2 Nf6 7.d3 O-O 8.O-O
fxe4 9.dxe4 Qe8 10.Qd3 Be6 11.Qg3 Bd4 12.Qh4 h6 13.Kh1 Qg6 14.f3 Nd7 15.
Bd2 Nb6 16.f4 Bxc3 17.Bxc3 Qxe4 18.Bd3 Qd5 19.Rae1 Bf5 20.Re5 Bxd3 21.Rxd5
Bxf1 22.Qe7 Rf7 23.Rd8+ Rxd8 24.Qxd8+ Kh7 25.Kg1 Ba6 26.Be5 Nd5 27.g3 Be2 
28.Qc8 Ba6 29.b3 1-0

[Event "2nd American Continental"]
[Site "Buenos Aires ARG"]
[Date "2003.08.27"]
[Round "9"]
[White "Milos, Gilberto"]
[Black "Vescovi, Giovanni"]
[Result "1/2-1/2"]
[WhiteElo "2592"]
[BlackElo "2618"]
[EventDate "2003.08.17"]
[PlyCount "33"]

1.c4 Nf6 2.Nc3 e6 3.Nf3 d5 4.d4 dxc4 5.e3 a6 6.a4 c5 7.Bxc4 Nc6 8.O-O Be7 
9.Qe2 cxd4 10.Rd1 O-O 11.exd4 Nb4 12.Ne5 Bd7 13.Bg5 Rc8 14.Rd2 Nfd5 15.
Bxe7 Qxe7 16.Bxd5 Nxd5 17.Nxd5 1/2-1/2

[Event "2nd American Continental"]
[Site "Buenos Aires ARG"]
[Date "2003.08.27"]
[Round "9"]
[White "Needleman, Alejandro"]
[Black "Cordero, Alfredo"]
[Result "1-0"]
[WhiteElo "2434"]
[BlackElo "2323"]
[EventDate "2003.08.17"]
[PlyCount "87"]

1.d4 d6 2.e4 Nd7 3.Nf3 e6 4.Bd3 Ngf6 5.e5 dxe5 6.dxe5 Nd5 7.a3 Be7 8.c4 
N5b6 9.Qe2 Nf8 10.O-O Ng6 11.Nc3 Nd7 12.Rd1 Kf8 13.g3 c6 14.h4 Qc7 15.Re1 
Ke8 16.h5 Ngf8 17.Bf4 h6 18.b4 b6 19.Ne4 Bb7 20.Rad1 Rd8 21.Qe3 Rb8 22.Bc2
Ba8 23.Rd2 Bb7 24.Nf6+ Kd8 25.Red1 Bc8 26.Nd4 gxf6 27.b5 f5 28.bxc6 Ke8 
29.cxd7+ Bxd7 30.Nxf5 Qc5 31.Ng7+ Kd8 32.Ba4 b5 33.Rxd7+ Nxd7 34.Qd2 Qc7 
35.Bxb5 Rxb5 36.cxb5 Bxa3 37.Nf5 Bc5 38.Nxh6 Ke8 39.Ng4 Be7 40.h6 Nb6 41.
Ne3 Qb7 42.Qe2 Qe4 43.Qg4 Bf8 44.Rd8+ 1-0